Fourier series
Αποθηκεύτηκε σε:
| Κύριος συγγραφέας: | |
|---|---|
| Μορφή: | Βιβλίο |
| Γλώσσα: | English German |
| Δημοσίευση: |
New York :
Chelsea,
c1959.
|
| Έκδοση: | 2η εκδ. |
| Θέματα: | |
| Ετικέτες: |
Προσθήκη ετικέτας
Δεν υπάρχουν, Καταχωρήστε ετικέτα πρώτοι!
|
MARC
| LEADER | 00000cam a2200000 i 4500 | ||
|---|---|---|---|
| 001 | 1/96387 | ||
| 008 | 081103s19591950nyu| ||| |||| ||eng|| | ||
| 035 | |l 10101321 | ||
| 040 | |a GR-MyUA |b gre |e AACR2 | ||
| 041 | 1 | |a eng |h ger | |
| 082 | 0 | |a 515.2433 |2 (22) | |
| 100 | 1 | |a Rogosinski, Werner, |d 1894-1964. | |
| 245 | 1 | 0 | |a Fourier series / |c Werner Rogosinski ; translated by Harvey Cohn and F. Steinhardt. |
| 250 | |a 2η εκδ. | ||
| 260 | |a New York : |b Chelsea, |c c1959. | ||
| 300 | |a vi, 176 σ. ; |c 17 εκ. | ||
| 500 | |a Τίτλος πρωτοτύπου: Fouriersche Reihen. | ||
| 504 | |a Περιέχει βιβλιογραφικές παραπομπές και ευρετήριο. | ||
| 650 | 0 | 0 | |a Fourier series. |
| 852 | |a INST |b SAMOS |c MAG |e 20081103 |h 515.2433 ROG |p 005300029724 |q 005300029724 |t BK |y 0 | ||
| 901 | |a BIBL3-2008-3 | ||
| 909 | |a Σ |b 155260 | ||
| 970 | |a ΡΟΥΣΣΟΥ |b ΚΩΝΣΤΑΝΤΙΝΑ |z 2008/10/03 | ||